INFORME FINAL DEL EJERCICIO PROFESIONAL SUPERVISADO REALIZADO EN PUNTOSCAN, S.A. COBÁN, ALTA VERAPAZ (Registro nro. 1244)
[ vista simple ]
| 000 -LEADER | |
|---|---|
| campo de control de longitud fija | 02734nam a22003257a 4500 |
| 001 - NÚMERO DE CONTROL | |
| campo de control | EPSCPA 0010 |
| 003 - IDENTIFICADOR DE NÚMERO DE CONTROL | |
| campo de control | gtcocun |
| 005 - FECHA Y HORA DE LA ÚLTIMA TRANSACCIÓN | |
| campo de control | 20250820190035.0 |
| 006 - CÓDIGOS DE INFORMACIÓN DE LONGITUD FIJA--CARACTERÍSTICAS DEL MATERIAL ADICIONAL | |
| campo de control de longitud fija | a||||gr|||| 00| 0 |
| 007 - CAMPO FIJO DE DESCRIPCIÓN FÍSICA--INFORMACIÓN GENERAL | |
| campo de control de longitud fija | ta |
| 008 - DATOS DE LONGITUD FIJA--INFORMACIÓN GENERAL | |
| campo de control de longitud fija | 250820b2015 gt ||||| m||| 00| 0 eng d |
| 040 ## - FUENTE DE CATALOGACIÓN | |
| Centro catalogador/agencia de origen | gtcocun |
| Lengua de catalogación | SPA |
| Centro/agencia transcriptor | gtcocun |
| Normas de descripción | RDA |
| 041 ## - CÓDIGO DE IDIOMA | |
| Código de lengua del texto/banda sonora o título independiente | SPA EPSCPA 0010 |
| 084 ## - OTRO NÚMERO DE CLASIFICACIÓN | |
| Número de control del registro de autoridad o número normalizado | EPSCPA 0010 |
| 100 ## - ENTRADA PRINCIPAL--NOMBRE DE PERSONA | |
| Nombre de persona | Maxena Pop, Nelson Anibal |
| Término indicativo de función/relación | Autor |
| 245 ## - MENCIÓN DEL TÍTULO | |
| Título | INFORME FINAL DEL EJERCICIO PROFESIONAL SUPERVISADO REALIZADO EN PUNTOSCAN, S.A. COBÁN, ALTA VERAPAZ |
| Mención de responsabilidad, etc. | Nelson Anibal Maxena Pop. |
| Medio | Impreso |
| 264 ## - PRODUCCIÓN, PUBLICACIÓN, DISTRIBUCIÓN, FABRICACIÓN Y COPYRIGHT | |
| Producción, publicación, distribución, fabricación y copyright | Cobán, Alta Verapaz: |
| Nombre del de productor, editor, distribuidor, fabricante | Universidad de San Carlos de Guatemala, Centro Universitario del Norte, Carrera de Contaduría Pública y Auditoría |
| Fecha de producción, publicación, distribución, fabricación o copyright | 2015 |
| 300 ## - DESCRIPCIÓN FÍSICA | |
| Extensión | 77 p.: |
| Otras características físicas | Ilustraciones, gráficas. |
| Dimensiones | 28 cm; |
| 336 ## - TIPO DE CONTENIDO | |
| Fuente | rdacontenido |
| Término de tipo de contenido | Texto |
| Código de tipo de contenido | txt |
| 337 ## - TIPO DE MEDIO | |
| Fuente | rdamedio |
| Nombre/término del tipo de medio | Computadora |
| Código del tipo de medio | n |
| 338 ## - TIPO DE SOPORTE | |
| Fuente | rdasoporte |
| Nombre/término del tipo de soporte | Código en línea |
| Código del tipo de soporte | cr |
| 502 ## - NOTA DE TESIS | |
| identificador de la tesis | EPSCPA 0010 |
| 502 ## - NOTA DE TESIS | |
| Nota de tesis | Tesis de grado |
| Tipo de título | Carrera de Contaduría Pública y Auditoría, |
| Nombre de la institución que otorga el título | Universidad de San Carlos de Guatemala, Centro Universitario del Norte, Carrera de Contaduría Pública y Auditoría |
| Año de obtención del título | 2015 |
| Identificador de la tesis | EPSCPA 0010 |
| 520 14 - RESUMEN, ETC. | |
| Sumario, etc. | La Universidad de San Carlos de Guatemala, en su carácter de única universidad estatal le corresponde con exclusividad dirigir, organizar y desarrollar la educación superior del Estado, a través de sus centros regionales en el territorio nacional.<br/><br/>El Centro Universitario del Norte -CUNOR- es un centro regional ubicado en el área norte, específicamente en Cobán Alta Verapaz, y es la encargada de la educación superior.<br/><br/>La Carrera de Contaduría Pública y Auditoría está compuesta por un pensum de estudios de cuarenta y cuatro cursos, de los cuales 43 se imparten en 11 semestres.<br/><br/>El Ejercicio Profesional Supervisado -EPS- es el último curso de la carrera de contaduría, la cual es un programa, desarrollado en el plano de la docencia, la investigación y los servicios, donde el estudiante confronta la teoría con la práctica.<br/><br/>El Ejercicio Profesional Supervisado se realizó en PUNTOSCAN S.A. que es una sociedad médica para el norte del país y por ende se pone de manifiesto en la misión, visión, y valores de la empresa. Se prestan los servicios de resonancia magnética 1.5T, tomografía multicortes, ultrasonido 3D/4D, mamografía digital, laboratorio clínico computarizado, densitometría ósea y rayos X digital.<br/> |
| 650 ## - PUNTO DE ACCESO ADICIONAL DE MATERIA--TÉRMINO DE MATERIA | |
| Fuente del encabezamiento o término | LEMB |
| Término de materia o nombre geográfico como elemento de entrada | Cobán, Alta Verapaz |
| Subdivisión general | Auditoría |
| -- | Sociedad médica |
| -- | Servicios de resonancia |
| -- | Diagnóstico |
| -- | Planificación |
| 700 ## - ENTRADA AGREGADA--NOMBRE PERSONAL | |
| Término indicativo de función/relación | Asesor |
| 856 ## - LOCALIZACIÓN Y ACCESO ELECTRÓNICOS | |
| Identificador Uniforme de Recurso | <a href="Sin archivo en línea ">Sin archivo en línea </a> |
| Nota pública | Sin archivo en línea |
| 942 ## - ELEMENTOS DE ENTRADA SECUNDARIOS (KOHA) | |
| Fuente de la clasificación o esquema de estantería | Clasificación Decimal Dewey |
| Tipo de ítem Koha | TESIS |
| Parte de la signatura que identifica el ejemplar (Parte del ítem) | EPSCPA 0010 |
| Prefijo de la signatura | Clasificación |
| Suprimir en OPAC | No |
| -- | EPSCPA_0010_000000000000000 |
| Estatus retirado | Estado de pérdida | Fuente de la clasificación o esquema de estantería | Estado de daño | No para préstamo | Colección | Biblioteca de origen | Biblioteca actual | Ubicación en estantería | Fecha de adquisición | Número de inventario | Total de préstamos | Signatura topográfica completa | Código de barras | Visto por última vez | Precio de reemplazo | Tipo de ítem Koha |
|---|---|---|---|---|---|---|---|---|---|---|---|---|---|---|---|---|
| Clasificación Decimal Dewey | tesis | BIBLIOTECA- CUNOR -JOSÉ LUIS GONZALES ROSALES | BIBLIOTECA- CUNOR -JOSÉ LUIS GONZALES ROSALES | Colección tesis | 20/08/2025 | EPSCPA 00010 | EPSCPA 0010 | EPSCPA 0010 | 20/08/2025 | 20/08/2025 | TESIS |